| 000 | 00678nam a2200205 a 4500 | ||
|---|---|---|---|
| 005 | 20210219153507.0 | ||
| 008 | 991125n 000 0 u | ||
| 035 | _aUPN01000102730 | ||
| 100 | _aSEIFFERT, Helmut | ||
| 222 |
_aEDUCACION : _bCOLECCION SEMESTRAL DE APORTACIONES ALEMANAS RECIENTES EN LAS CIENCIAS PEDAGOGICAS |
||
| 245 | _aTransformación del saber como problema de comunicación en la escuela y en la educación de adultos | ||
| 300 | _a77-91 | ||
| 362 | _a1977 Vol. 16 | ||
| 653 | 0 | _aAPRENDIZAJE | |
| 653 | 0 | _aCOMUNICACION | |
| 653 | 0 | _aCONOCIMIENTO CIENTIFICO | |
| 700 | _aERLANGEN, Buckenhof bei, coaut. | ||
| 904 |
_aAC _b040541 |
||
| 905 | _aArticulo | ||
| 999 |
_c78324 _d78324 |
||